000 01001cam a2200301 a 4500
999 _c3588
_d3588
001 (Sirsi) a858004
003 OSt
005 20240228084415.0
008 140805s2014 enka c 001 0 eng d
020 _a9781407142920 (pbk.) :
040 _aTT
_beng
_cTAE
_dKH8
042 _anbic
082 0 _a609 ARN
100 1 _aArnold, Nick.
_eauthor
245 1 0 _aEvil inventions /
_cNick Arnold and [illustrated by] Tony De Saulles.
250 _aRev. and updated ed.
260 _aLondon :
_bScholastic,
_c2014.
300 _a207 p. :
_bill. ;
_c19 cm.
490 0 _aHorrible science.
500 _aIncludes index.
500 _aPrevious edition published: London : Scholastic Ltd, 2007.
520 _aEvil Inventions is full of the most gruesome gadgets and murderous machines ever created.
521 1 _a9-12.
650 0 _aInventions
_xHistory
_vJuvenile literature.
650 0 _aTechnology
_xHistory
_vJuvenile literature.
700 1 _aDe Saulles, Tony.
_eIllustrator
942 _2ddc
_cNFIC